000 00304nam a22001337a 4500
008 181206b xxu||||| |||| 00| 0 eng d
020 _a9780892033478
041 _aeng
080 _a617
100 _a8
101 _aORT
245 _aOrthopaedic Knowledge Update
_cBaumgaertner,M.R
942 _2udc
_cBK
999 _c52929
_d52929